000 02270nam0a2200385 4500
001 RU\NLR\BIBL_A\011539698
005 20260407074420.0
010 _a9785942117399
_9500
021 _aRU
_b2017-83556
_95963
035 _a(RuMoRGB)009441204
035 _a(NLR Aleph) 011539698
090 _a12188546
_c12188546
100 _a20171127d2017 k y0rusy50 ca
101 0 _arus
102 _aRU
105 _ac z 000zc
200 1 _aВо главе Горного института. Директора учебного заведения (1773-1918)
_e[монография
_fВ. Г. Афанасьев, И. В. Волошинова, М. В. Друзин и др.
_gответственный редактор: профессор В. Г. Афанасьев]
_gМинистерство образования и науки Российской Федерации, Федеральное государственное бюджетное образовательное учреждение высшего образования Санкт-Петербургский горный университет
210 _aСанкт-Петербург
_cСанкт-Петербургский горный университет
_d2017
215 _a238, [1] с., [8] л. цв. портр.
_d25
300 _aАвт. указаны на обороте тит. л.
320 _aБиблиогр. в конце ст.
517 1 _aДиректора учебного заведения (1773-1918)
601 0 2 _aГорный институт
_cПетербург, город
_xРекторы
_92348071
_3RU\NLR\AUTH\6601626149
610 0 _aдиректора горного института
686 _aИ.р(28)3-4,0
_2rubbk
686 1 _aЧ488.753.41
701 1 _7ca
_8rus
_aАфанасьев
_bВ. Г.
_cд-р ист. наук
_gВладимир Георгиевич
_929277
_3RU\NLR\AUTH\7746342
701 1 _aВолошинова
_bИ. В.
_gИрина Валерьевна
701 1 _aДрузин
_bМ. В.
_gМихаил Викторович
711 0 2 _aГорный институт
_cПетербург
_9277979
_3RU\NLR\AUTH\883370
942 _cBOOK
980 _aNBR